000 00484nam a22001697a 4500
005 20251108175839.0
008 250721s1996 xx 000 0 eng d
082 1 4 _aJ/F/ARY
100 1 _aARYA, ANITA NAHAL
245 1 4 _aTHE GREEDY GREEN PARROT :
_bAND OTHER STORIES /
264 1 _aNEW DELHI :
_bVIKAS PUBLISHING HOUSE PVT,
_c1996.
300 _a24P.
650 1 7 _aFICTION
653 _aاطفال مرحلة متوسطة(6-9)سنوات
942 _2ddc
_cBK
999 _c143838
_d143838